Rappeurs Français - Statistiques

Statistiques générales
  • Ce quiz a été pris 364 fois
    234 depuis la dernière actualisation
  • Le résultat moyen est 55 sur 256
Statistiques - réponses
Première Lettre Rappeurs % Correct
B Booba
76%
J Jul
74%
P PNL
70%
L La F
69%
N Ninho
68%
S SCH
67%
D Damso
66%
N Niska
64%
P PLK
61%
K Kaaris
60%
G Gims
59%
G Gazo
57%
S SDM
57%
H Hamza
53%
K Koba la D
53%
L Leto
53%
1 1Pliké140
51%
N Nekfeu
50%
T Tiakola
49%
W Werenoi
49%
Z Zola
49%
A Alonzo
48%
A Alpha wann
47%
G Gradur
47%
K Kalash
47%
4 4keus
46%
N Naps
46%
S Sofiane
46%
D Dinos
45%
F Freeze Corleone
45%
G Gambi
45%
M Maes
45%
J Josman
44%
K Kalash Criminel
44%
L Lacrim
44%
V Vald
44%
Z Ziak
44%
F Fave
43%
I IAM
42%
L La Fève
42%
R Rim'k
42%
H Heuss l'enfoiré
41%
L La Fouine
41%
O Orelsan
41%
S Soso Maness
41%
B Black M
39%
K Kerchak
39%
L Laylow
39%
L Lomepal
39%
N Niro
39%
R RK
39%
N NTM
38%
S Shay
38%
J Jok'air
36%
M MHD
36%
N Naza
36%
S Soprano
36%
R Rohff
35%
Z ZKR
35%
D Diams
34%
L Lefa
32%
N Nepal
32%
O Oboy
32%
T Timal
32%
1 13 Block
31%
D DA Uzi
31%
D Djadja et Dinaz
31%
F Franglish
31%
M Menace Santana
31%
B Bosh
30%
D Dosseh
30%
G Guy2Bezbar
30%
L' L'algerino
30%
S Soolking
30%
U Uzi
30%
Z Zed
30%
A Alkpote
28%
G Guizmo
28%
M Moha la Squale
28%
Y Youssoupha
28%
L Larry
27%
S So la lune
27%
A Akhenaton
26%
D Doums
26%
E Elams
26%
L Luv Resval
26%
M Mister V
26%
M MMZ
26%
S Sasso
26%
Y YL
26%
T TH
25%
A Ashe 22
24%
D DTF
24%
G Gambino
24%
G Green Montana
24%
K Kekra
24%
L Landy
24%
M Médine
24%
M Mister you
24%
1 113
22%
L La Mano
22%
L Le Rat Luciano
22%
S S Pri Noir
22%
Z Zamdane
22%
M MZ
21%
R Rsko
21%
B Benash
20%
B Bushi
20%
O Oxmo Puccino
20%
S Sexion d'assaut
20%
B Benab
19%
B Brulux
19%
H Houdi
19%
K Kaza
19%
B Bb Jacques
18%
B Bekar
18%
B Bramsito
18%
C Caballero
18%
F Fresh la douille
18%
G Georgio
18%
I ISK
18%
L' L'allemand
18%
M Mac Tyer
18%
N Niaks
18%
S Sneazzie
18%
D Dinor
17%
R Remy
17%
A Ateyaba
16%
G GLK
16%
J J9ueve
16%
J JeanJass
16%
L Lino
16%
M MIG
16%
N Nes
16%
S Siboy
16%
S Sniper
16%
T Tif
16%
J Jazzy Bazz
15%
T TK
15%
A Ali
14%
K Khali
14%
K Kodes
14%
L Luther
14%
S S Crew
14%
S Seth Gueko
14%
W Wallace Cleaver
14%
A Ashh
13%
K Joeystarr
13%
J Jolagreen
13%
N Nono la Grinta
13%
O Osirus Jack
13%
8 8ruki
12%
B Beendo Z
12%
L Lesram
12%
S Shurik'n
12%
4 404 Billy
11%
H Hugo TSR
11%
L Limsa
11%
N Nahir
11%
S Stavo
11%
T Tunisiano
11%
A A2H
10%
K Kpri
10%
L Lujipeka
10%
Z Zuukou Mayzie
10%
A Aketo
9%
C Cheu B
9%
C Columbine
9%
D Doc Gynéco
9%
G Gringe
9%
H H La Drogue
9%
I Isha
9%
K Krisy
9%
R Rounhaa
9%
Y Yame
9%
A Alpha 5.20
8%
A Arsenik
8%
B Ben PLG
8%
C Chily
8%
D Deen Burbigo
8%
H Houari
8%
M MadeinParis
8%
S Shotas
8%
D Diddi Trix
7%
F F430
7%
F Frenetik
7%
H Hayce Lemsi
7%
H H Jeune Crack
7%
K Kool Shen
7%
L Lunatic
7%
M Mairo
7%
N Nessbeal
7%
N Norsacce
7%
P Psy 4 De La Rime
7%
S Sto
7%
T Thahomey
7%
W Wit
7%
Y Yg Pablo
7%
Y Youv Dee
7%
Y Yvnnis
7%
Z Zeu
7%
D Dimeh
6%
G Gapman
6%
O Oldpee
6%
X XV Barbar
6%
1 100 Blaze
5%
B Benjamin Epps
5%
B Boleman
5%
D Despo Rutti
5%
F Fababy
5%
F Femtogo
5%
F Fonky Family
5%
G Gips
5%
J Jeune Lion
5%
M Mafia k'1 fry
5%
M Mokobe
5%
R Roshi
5%
S Salif
5%
S Savage Toddy
5%
S Selug
5%
S Slimka
5%
W Winnterzuko
5%
Z Zefor
5%
Z Zequin
5%
A Aladin 135
4%
A Azur
4%
I Infinit
4%
K Kobo
4%
L Lala&ce
4%
M Makala
4%
M Mussy
4%
P PSO Thug
4%
R Roi Heenok
4%
S Solda
4%
K Key Largo
3%
L La Crapule
3%
M Moji x Sboy
3%
M Moubarak
3%
P Prince Waly
3%
S Sams
3%
S Stony Stone
3%
Z Zikxo
3%
D Doc OVG
2%
J Jewel Usain
2%
A Aamo
1%
A Advm
1%
F Furlax
1%
H Hache P
1%
J JMK$
1%
S So la zone
1%
T Tuerie
1%
V Veerus
1%
Z Zbig
1%
J J2lasteu
0%
L Luijdi
0%
Aucun quiz correspondant
Distribution des résultats
% des personnes avec chaque résultat
Percentile par nombre de réponses
Votre historique - résultats
Vous n’avez pas pris ce quiz depuis la dernière actualisation